000 00797nam a2200193Ia 4500
003 GCL
005 20240530110327.0
008 140319s9999 xx 000 0 ara d
040 _aGCL /
_cGCL
082 0 4 _a922.2
_bج ك
100 1 _aالسيوطى : جلال الدين ابوالفضل عبدالرحمن بن ابى بكر بن محمد الخضيرى
245 1 0 _aطبقات المفسرين /
_cالسيوطى : جلال الدين ابوالفضل عبدالرحمن بن ابى بكر بن محمد الخضيرى
260 _aبيروت :
_bدار الكتب العلمية للنشر والتوزيع ،
_c1983
300 _a175 ص ؛
_c24 سم
650 0 4 _aالمفسرون
650 0 4 _aطبقات المفسرين
650 0 4 _aالرواه - تراجم
942 _2ddc
_cBK
999 _c59703
_d59703